000 00202nmm a2200085Ia 4500
008 220120s9999||||xx |||||||||||||||||und||
100 _aCHIP magazine
245 0 _aCHIP-Aug :ab
260 _bNew Delhi
_c2011
999 _c139699
_d139699